Normal view MARC view

Entry Personal Name

Number of records used in: 1

001 - CONTROL NUMBER

  • control field: 9802

003 - CONTROL NUMBER IDENTIFIER

  • control field: DLC

005 - DATE AND TIME OF LATEST TRANSACTION

  • control field: 20231102140242.0

008 - FIXED-LENGTH DATA ELEMENTS

  • fixed length control field: 180109n| azannaabn |n aaa

010 ## - LIBRARY OF CONGRESS CONTROL NUMBER

  • LC control number: n 2018001640

040 ## - CATALOGING SOURCE

  • Original cataloging agency: DLC
  • Language of cataloging: eng
  • Description conventions: rda
  • Transcribing agency: DLC

100 1# - HEADING--PERSONAL NAME

  • Personal name: Prange, Sebastian R.

670 ## - SOURCE DATA FOUND

  • Source citation: Monsoon Islam, 2018:
  • Information found: E-CIP t.p. (Sebastian R. Prange)

Powered by Koha